000 00395nam a22001457a 4500
005 20170809094712.0
008 170809b xxu||||| |||| 00| 0 eng d
040 _cPK-LaUMT
082 _aZIAC 297
_bSAB-A
100 _aSabeeh ul Sualeh
245 _aAl nazmul Islamia/
_cSabeeh ul Sualeh
260 _aبیروت:
_bدارالعلم للملابیین،
_c1976
300 _a608 ص
942 _cBK
999 _c96760
_d96760